000 00911nam a2200301 a 4500
003 AR-BaBNM
005 20251128203040.0
008 082120s2002 ||||||||||||||000 | spa||
040 _cAR-BaBNM
100 1 _aKelly, Francis J.
245 0 0 _aPsicología educacional
_bun enfoque conductal
250 _a1ª ed.
260 _aBuenos Aires
_bPaidós
_c1972
300 _a348 p.
_btablas, diagr.
490 0 _aBiblioteca de psicología y sociología aplicadas. Fundamental
504 _aContiene bibliografía al final de cada capítulo
650 4 _aPSICOLOGIA DEL NIÑO
650 4 _aPSICOLOGIA DE LA EDUCACION
650 4 _aDESARROLLO DEL NIÑO
650 4 _aDESARROLLO DEL LENGUAJE
650 4 _aAPRENDIZAJE
650 4 _aCOMPORTAMIENTO DEL ALUMNO
700 1 _aCody, John J.
700 1 _aMuslera, Oscar
_etraductor
700 1 _aOrma, Estela
_etraductor
942 _cBK
998 _ceugenia
999 _c1662
_d1662